[Event "Vaujany Principal"]
[Site "?"]
[Date "2018.07.16"]
[Round "5.16"]
[White "Kaloczi, Kristof"]
[Black "Houard, Sebastien"]
[Result "0-1"]
[WhiteElo "2029"]
[BlackElo "2145"]
[PlyCount "102"]
[EventDate "2018.??.??"]

1. e4 e5 2. Nf3 Nc6 3. Nc3 Nf6 4. d4 Bb4 5. Nxe5 Nxe5 6. dxe5 Nxe4 7. Qg4 d5 8.
Qxg7 Rf8 9. a3 Qh4 10. g3 Bxc3+ 11. bxc3 Qg4 12. Qxg4 Bxg4 13. Bg2 Bf5 14. Bd2
f6 15. exf6 Rxf6 16. f3 Nd6 17. O-O Bxc2 18. Rfe1+ Kd7 19. Bg5 Rf7 20. Bh3+ Kc6
21. Kg2 Raf8 22. Be7 Rxf3 23. Bxf8 Rxf8 24. Rf1 Rd8 25. Kg1 Kc5 26. Rfc1 Bd3
27. Bf1 Be4 28. Ra2 c6 29. Rb2 b5 30. Be2 a5 31. g4 Rg8 32. h3 h5 33. Kh2 hxg4
34. hxg4 Nc4 35. Ra2 Ne5 36. Rg1 Bf3 37. Rg3 Bxg4 38. Bxg4 Rxg4 39. Rxg4 Nxg4+
40. Kg3 Nf6 41. Kf4 Ne4 42. Ke3 Nxc3 43. Ra1 Kc4 44. Kd2 d4 45. Rh1 c5 46. Kc2
d3+ 47. Kd2 Kd4 48. Rh4+ Ne4+ 49. Kd1 c4 50. Rh8 Kc3 51. Rh2 Kb3 0-1

[Event "Vaujany Principal"]
[Site "?"]
[Date "2018.07.16"]
[Round "5.21"]
[White "Laronche, Thomas"]
[Black "Georges, Thomas"]
[Result "1/2-1/2"]
[WhiteElo "2164"]
[BlackElo "2060"]
[PlyCount "63"]
[EventDate "2018.??.??"]

1. e4 d6 2. d4 Nf6 3. Nc3 Nbd7 4. Nf3 e5 5. Bc4 Be7 6. dxe5 dxe5 7. Bxf7+ Kxf7
8. Ng5+ Kg8 9. Ne6 Qe8 10. Nxc7 Qg6 11. Nxa8 Qxg2 12. Rf1 Nc5 13. Be3 Bh3 14.
Qe2 Qxf1+ 15. Qxf1 Bxf1 16. Kxf1 Kf7 17. Bxc5 Bxc5 18. Nc7 Rc8 19. N7d5 Bd4 20.
a4 Nxd5 21. exd5 Bxc3 22. bxc3 Rxc3 23. Rb1 b6 24. a5 bxa5 25. Rb7+ Kf6 26.
Rxa7 Rc5 27. c4 Rxc4 28. Rxa5 Rd4 29. Ra6+ Kf5 30. Ra7 Rxd5 31. Rxg7 h6 32. Kg2
1/2-1/2

[Event "Vaujany Principal"]
[Site "?"]
[Date "2018.07.16"]
[Round "5.24"]
[White "Soyer, Jean Yves"]
[Black "Berta, Sandor"]
[Result "1/2-1/2"]
[WhiteElo "2071"]
[BlackElo "2083"]
[PlyCount "112"]
[EventDate "2018.??.??"]

1. d4 Nf6 2. c4 g6 3. Nc3 Bg7 4. e4 d6 5. Nf3 O-O 6. Be2 e5 7. Be3 Ng4 8. Bg5
f6 9. Bh4 Nc6 10. d5 Ne7 11. Nd2 Nh6 12. f3 c5 13. O-O g5 14. Bf2 f5 15. Rb1
Ng6 16. b4 b6 17. bxc5 bxc5 18. g3 fxe4 19. Ndxe4 Nf5 20. Qd2 Bh6 21. g4 Ng7
22. Be3 Nf4 23. Bd1 Ne8 24. Ba4 Bd7 25. Qc2 Rf7 26. Bxd7 Rxd7 27. Ng3 Bf8 28.
Nce4 Ng7 29. Qa4 Rf7 30. Rb3 Be7 31. Rb7 h5 32. gxh5 Ngxh5 33. Nxh5 Nxh5 34.
Qd7 Qf8 35. Qg4 Nf4 36. Nxg5 Rg7 37. Bxf4 Qxf4 38. Qxf4 exf4 39. h4 Bxg5 40.
Rxg7+ Kxg7 41. hxg5 Kg6 42. Re1 Kxg5 43. Re6 Rb8 44. Rxd6 Rb4 45. Ra6 Rxc4 46.
Rxa7 Rd4 47. Kf2 Rxd5 48. Ke2 Kf6 49. Ra4 Re5+ 50. Kd2 Kg5 51. Rc4 Rf5 52. Ke2
Re5+ 53. Kf2 Rd5 54. Ke2 Re5+ 55. Kf2 Rd5 56. Ke2 Re5+ 1/2-1/2

[Event "Vaujany Principal"]
[Site "?"]
[Date "2018.07.16"]
[Round "5.26"]
[White "Chauvin, Denis"]
[Black "Gokhale, Anupama"]
[Result "1/2-1/2"]
[WhiteElo "1879"]
[BlackElo "1967"]
[PlyCount "30"]
[EventDate "2018.??.??"]

1. d4 Nf6 2. Nf3 e6 3. e3 b6 4. Bd3 d5 5. Nbd2 Bb7 6. O-O Bd6 7. Qe2 Ne4 8. Ne5
O-O 9. Bxe4 dxe4 10. Nec4 Be7 11. Rd1 Nd7 12. Ne5 Bd6 13. Nec4 Be7 14. Ne5 Bd6
15. Nec4 Be7 1/2-1/2

[Event "Vaujany Principal"]
[Site "?"]
[Date "2018.07.17"]
[Round "6.1"]
[White "Antal, Gergely"]
[Black "Joie, Sebastien"]
[Result "1-0"]
[WhiteElo "2542"]
[BlackElo "2399"]
[PlyCount "45"]
[EventDate "2018.??.??"]

1. e4 e5 2. Nf3 Nf6 3. d4 Nxe4 4. Bd3 d5 5. Nxe5 Nd7 6. Nxd7 Bxd7 7. O-O Bd6 8.
c4 O-O 9. cxd5 f5 10. Nc3 Qh4 11. g3 Nxc3 12. bxc3 Qh3 13. f4 Rae8 14. Qf3 b5
15. Bd2 Qh6 16. a4 bxa4 17. c4 Qf6 18. Qf2 Rb8 19. c5 Be7 20. Ba5 Bd8 21. Rfe1
Bb5 22. Bxb5 Rxb5 23. Rxa4 1-0

[Event "Vaujany Principal"]
[Site "?"]
[Date "2018.07.17"]
[Round "6.2"]
[White "Sundararajan, Kidambi"]
[Black "Horvath, Jozsef"]
[Result "1/2-1/2"]
[WhiteElo "2425"]
[BlackElo "2504"]
[PlyCount "59"]
[EventDate "2018.??.??"]

1. d4 Nf6 2. c4 e6 3. Nc3 Bb4 4. Nf3 c5 5. e3 O-O 6. Bd3 d5 7. O-O Nc6 8. cxd5
exd5 9. dxc5 Bxc5 10. h3 a6 11. b3 d4 12. Na4 Ba7 13. exd4 Nxd4 14. Bb2 Nc6 15.
Rc1 Re8 16. Nc5 Nb4 17. Bb1 Qxd1 18. Rfxd1 Nbd5 19. Be5 Bb8 20. Re1 Bxe5 21.
Rxe5 Rxe5 22. Nxe5 h6 23. Nc4 Rb8 24. Nd6 b6 25. Nce4 Be6 26. Nxf6+ Nxf6 27.
Bf5 Bxf5 28. Nxf5 Rd8 29. Rc2 h5 30. Ne3 1/2-1/2

[Event "Vaujany Principal"]
[Site "?"]
[Date "2018.07.17"]
[Round "6.3"]
[White "Godart, François"]
[Black "Valles, Manuel"]
[Result "1-0"]
[WhiteElo "2427"]
[BlackElo "2388"]
[PlyCount "47"]
[EventDate "2018.??.??"]

1. e4 e5 2. f4 d5 3. exd5 exf4 4. Nf3 Nf6 5. Bb5+ Nbd7 (5... c6 6. dxc6 Nxc6 7.
d4 Bd6 8. O-O O-O) 6. c4 Be7 7. d4 O-O 8. Bxd7 Nxd7 9. Bxf4 b5 10. b3 Nb6 (
10... g5 11. Bg3 Bb4+ 12. Kf2 bxc4 13. bxc4 Qf6) 11. Nbd2 Ba6 12. Qc2 Bh4+ 13.
g3 Re8+ 14. Kf2 bxc4 15. bxc4 Nxd5 16. cxd5 Re2+ 17. Kg1 Qxd5 18. gxh4 Rae8 19.
h3 Rxd2 20. Qxd2 Qxf3 21. Re1 Re2 22. Rxe2 Qf1+ 23. Kxf1 Bxe2+ 24. Qxe2 {Et
les Noirs n'ont plus d'idée.} 1-0

[Event "Vaujany Principal"]
[Site "?"]
[Date "2018.07.17"]
[Round "6.4"]
[White "Ortiz Suarez, Isan Reynaldo"]
[Black "Konguvel, Ponnuswamy"]
[Result "1-0"]
[WhiteElo "2548"]
[BlackElo "2340"]
[PlyCount "97"]
[EventDate "2018.??.??"]

1. e4 c5 2. Nf3 e6 3. d4 cxd4 4. Nxd4 Nc6 5. Nc3 Qc7 6. Qd3 Nf6 7. Ndb5 Qb8 8.
Qg3 d6 9. Be3 a6 10. Nd4 Bd7 11. Bd3 h5 12. f4 Be7 13. h3 Qc7 14. O-O-O b5 15.
Rhe1 h4 16. Qf2 Nxd4 17. Bxd4 b4 18. Ne2 e5 19. Bb6 Qc6 20. Kb1 a5 21. fxe5
dxe5 22. Ng1 Be6 23. Nf3 Nd7 24. Be3 a4 25. Qe2 b3 26. cxb3 axb3 27. a3 O-O 28.
Ng5 Bxa3 29. Nxe6 Bxb2 30. Qxb2 Qxe6 31. Bb5 Nb6 32. Bc5 Ra2 33. Bxf8 Rxb2+ 34.
Kxb2 Qc8 35. Bd6 Qc2+ 36. Ka3 Nc4+ 37. Bxc4 Qxc4 38. Rd2 f6 39. Kb2 Kh7 40. Ba3
Kg6 41. Re3 Kg5 42. Kb1 Kf4 43. Ree2 Kg5 44. Bc1 Kh5 45. Re3 g6 46. Rb2 f5 47.
exf5 gxf5 48. Rbxb3 e4 49. Rec3 1-0

[Event "Vaujany Principal"]
[Site "?"]
[Date "2018.07.17"]
[Round "6.5"]
[White "Womacka"]
[Black "Terbe, Julianna"]
[Result "1-0"]
[WhiteElo "2444"]
[BlackElo "2238"]
[PlyCount "77"]
[EventDate "2018.??.??"]

1. e4 c5 2. Nf3 Nc6 3. d4 cxd4 4. Nxd4 Nf6 5. Nc3 e5 6. Ndb5 d6 7. Bg5 a6 8.
Na3 b5 9. Nd5 Be7 10. Bxf6 Bxf6 11. c3 Bg5 12. Nc2 Rb8 13. a4 bxa4 14. Ncb4
Nxb4 15. cxb4 O-O 16. Rxa4 a5 17. b5 Bd7 18. Nc3 d5 19. exd5 e4 20. Rxe4 f5 21.
Re6 Bxe6 22. dxe6 Qxd1+ 23. Kxd1 Rfd8+ 24. Kc2 Rd2+ 25. Kb3 Rxf2 26. Bc4 Kf8
27. Bd5 Be7 28. Bc6 Rf4 29. Ra1 Rb4+ 30. Kc2 Bd8 31. Rd1 Bf6 32. Rd7 Rc8 33.
Rf7+ Kg8 34. Ra7 Rc4 35. e7 R4xc6 36. bxc6 Kf7 37. Nd5 Rxc6+ 38. Kd3 Re6 39.
e8=Q+ 1-0

[Event "Vaujany Principal"]
[Site "?"]
[Date "2018.07.17"]
[Round "6.6"]
[White "Meunier, Clement"]
[Black "Paul, Johannes"]
[Result "0-1"]
[WhiteElo "2322"]
[BlackElo "2315"]
[PlyCount "62"]
[EventDate "2018.??.??"]

1. e4 e6 2. d4 d5 3. Nd2 c5 4. exd5 Qxd5 5. Ngf3 cxd4 6. Bc4 Qd6 7. O-O Nf6 8.
Nb3 Nc6 9. Nbxd4 Nxd4 10. Nxd4 a6 11. Re1 Qc7 12. Bb3 Bd6 13. Nf5 Bxh2+ 14. Kh1
O-O 15. Nxg7 Rd8 16. Qf3 Kxg7 17. g3 b6 18. Kxh2 Bb7 19. Bh6+ Kg6 20. Qf4 Qc5
21. Bxe6 Qh5+ 22. Qh4 Qxh4+ 23. gxh4 Kxh6 24. Bc4 Rd4 25. Bxf7 Rf8 26. Re7 Rd7
27. Rxd7 Nxd7 28. Bb3 Rxf2+ 29. Kg3 Rf3+ 30. Kh2 Nf6 31. Rg1 Rf2+ 0-1

[Event "Vaujany Principal"]
[Site "?"]
[Date "2018.07.17"]
[Round "6.7"]
[White "Trabet, Nicolas"]
[Black "Dudognon, Thibault"]
[Result "1/2-1/2"]
[WhiteElo "2190"]
[BlackElo "2316"]
[PlyCount "42"]
[EventDate "2018.??.??"]

1. e4 c6 2. d4 d5 3. Nc3 dxe4 4. Nxe4 Bf5 5. Ng3 Bg6 6. Nh3 e6 7. Nf4 Bd6 8. c3
Nf6 9. h4 Bxf4 10. Bxf4 h6 11. h5 Bh7 12. Qb3 Qb6 13. Qa3 Nbd7 14. Be2 c5 15.
dxc5 Qxc5 16. Bd6 Qxa3 17. Bxa3 O-O-O 18. Be7 Rde8 19. Bd6 Rd8 20. Be7 Rde8 21.
Bd6 Rd8 1/2-1/2

[Event "Vaujany Principal"]
[Site "?"]
[Date "2018.07.17"]
[Round "6.8"]
[White "Bandet, Raphael"]
[Black "Collas, Didier"]
[Result "0-1"]
[WhiteElo "2160"]
[BlackElo "2380"]
[PlyCount "94"]
[EventDate "2018.??.??"]

1. d4 Nf6 2. Bf4 c5 3. e3 g6 4. c3 b6 5. Nf3 Bg7 6. h4 Bb7 7. Nbd2 h6 8. Bd3 d6
9. Qe2 Nbd7 10. O-O O-O 11. Bh2 Qc7 12. Rac1 a6 13. b4 Rfc8 14. bxc5 bxc5 15.
Nc4 Be4 16. Nfd2 Bxd3 17. Qxd3 Qc6 18. Rb1 a5 19. a4 cxd4 20. cxd4 d5 21. Ne5
Qxa4 22. Ndf3 Ne4 23. Rb7 Nxe5 24. Nxe5 Bf8 25. Qe2 Qc2 26. Qf3 Nf6 27. Nd7 Qc6
28. Nxf6+ exf6 29. Rfb1 Qc1+ 30. Qd1 Qxd1+ 31. Rxd1 a4 32. Bg3 a3 33. Ra1 Rc2
34. e4 Rb2 35. Rxb2 axb2 36. Rxa8 b1=Q+ 37. Kh2 Kg7 38. e5 Be7 39. Re8 Qb4 40.
h5 g5 41. f4 fxe5 42. fxe5 Qb7 43. e6 fxe6 44. Be5+ Bf6 45. Rxe6 Bxe5+ 46. dxe5
Qf7 47. Rg6+ Qxg6 0-1

[Event "Vaujany Principal"]
[Site "?"]
[Date "2018.07.17"]
[Round "6.9"]
[White "Houard, Sebasien"]
[Black "Nitish, Beluirkar"]
[Result "0-1"]
[WhiteElo "2145"]
[BlackElo "2306"]
[PlyCount "74"]
[EventDate "2018.??.??"]

1. e4 e5 2. Bc4 Nf6 3. Nc3 Nc6 4. d3 Na5 5. Bg5 c6 6. a3 Nxc4 7. dxc4 d6 8. Nf3
Qc7 9. Qd3 Be6 10. Bh4 Nh5 11. Bg3 f6 12. Nd2 g6 13. f3 Nxg3 14. hxg3 Bg7 15.
g4 O-O 16. Nf1 a6 17. Ne3 b5 18. a4 bxc4 19. Nxc4 Rad8 20. Ne3 d5 21. exd5 cxd5
22. Qxa6 Qe7 23. Nb5 d4 24. Nd1 Bd5 25. O-O f5 26. Nf2 e4 27. Rae1 e3 28. gxf5
exf2+ 29. Kxf2 Qh4+ 30. Kg1 Rxf5 31. Nc7 Be5 32. Rxe5 Rxe5 33. Nxd5 Rexd5 34.
Qc4 Kg7 35. Rd1 Qe7 36. Kf1 Qc5 37. Qd3 Rc8 0-1

[Event "Vaujany Principal"]
[Site "?"]
[Date "2018.07.17"]
[Round "6.10"]
[White "Kulkarni, Bhakti"]
[Black "Mullick, Raahil"]
[Result "1/2-1/2"]
[WhiteElo "2285"]
[BlackElo "2128"]
[PlyCount "70"]
[EventDate "2018.??.??"]

1. d4 d5 2. c4 c6 3. cxd5 cxd5 4. Nc3 Nf6 5. Nf3 Nc6 6. Bf4 Bf5 7. e3 e6 8. Ne5
Nd7 9. Nf3 a6 10. Rc1 Be7 11. Be2 Rc8 12. O-O O-O 13. a3 b5 14. Nd2 Nb6 15. b4
Nc4 16. Nxc4 bxc4 17. e4 dxe4 18. d5 e5 19. Bg3 Nd4 20. Bxe5 Nxe2+ 21. Nxe2 Bg4
22. Re1 Bg5 23. Rc3 Re8 24. Bg3 Bf6 25. Re3 Bg5 26. Rc3 Bf6 27. Re3 c3 28. Qb3
c2 29. Nc1 Bg5 30. f4 Bf6 31. Rxe4 Rxe4 32. Rxe4 Bc3 33. Be1 Qb6+ 34. Kh1 Qb5
35. Kg1 Qb6+ 1/2-1/2

[Event "Vaujany Principal"]
[Site "?"]
[Date "2018.07.17"]
[Round "6.11"]
[White "Collas, Silvia"]
[Black "Zeuner, Michael"]
[Result "1-0"]
[WhiteElo "2265"]
[BlackElo "2128"]
[PlyCount "91"]
[EventDate "2018.??.??"]

1. c4 c5 2. Nf3 Nf6 3. d4 cxd4 4. Nxd4 g6 5. Nc3 Bg7 6. e4 d6 7. Be2 O-O 8. Be3
Nc6 9. O-O Nxd4 10. Bxd4 Bd7 11. Qd2 Bc6 12. f3 Nd7 13. Be3 a5 14. b3 Nc5 15.
Rab1 e6 16. Bd1 Be5 17. a3 Qc7 18. Bc2 Rfc8 19. Rfc1 b6 20. Bd1 f5 21. exf5
gxf5 22. b4 axb4 23. axb4 Na4 24. Ne2 Qg7 25. Nd4 f4 26. Bf2 Bd7 27. Bb3 Qf6
28. Rc2 Kh8 29. Kh1 Bxd4 30. Bxd4 e5 31. Bg1 Bf5 32. Ra1 Bxc2 33. Bxc2 Nc5 34.
Rxa8 Rxa8 35. bxc5 bxc5 36. Be4 Ra7 37. g3 fxg3 38. hxg3 Kg7 39. Kg2 Qe6 40.
Qg5+ Kh8 41. Bd5 Ra2+ 42. Bf2 Qg6 43. Qd8+ Kg7 44. Qg8+ Kh6 45. Qf8+ Qg7 46.
Qxd6+ 1-0

[Event "Vaujany Principal"]
[Site "?"]
[Date "2018.07.17"]
[Round "6.12"]
[White "Szabo, Balazs"]
[Black "Vignale, Stephane"]
[Result "1-0"]
[WhiteElo "2229"]
[BlackElo "2100"]
[PlyCount "55"]
[EventDate "2018.??.??"]

1. e4 d6 2. d4 Nf6 3. Nc3 e5 4. Nf3 Nbd7 5. Be2 Be7 6. g4 g6 7. g5 Nh5 8. Be3
c6 9. a4 b6 10. d5 c5 11. h4 Ng7 12. Nd2 f6 13. Nc4 Nf8 14. f4 Nd7 15. gxf6
Nxf6 16. fxe5 Nfh5 17. O-O dxe5 18. d6 Bf6 19. d7+ Bxd7 20. Nd6+ Ke7 21. Nd5+
Kxd6 22. Nxf6+ Kc7 23. Bg5 Qc8 24. Nxd7 Qxd7 25. Qxd7+ Kxd7 26. Rad1+ Kc8 27.
Ba6+ Kb8 28. Rf7 1-0

[Event "Vaujany Principal"]
[Site "?"]
[Date "2018.07.17"]
[Round "6.13"]
[White "Skomorokhin, Roman"]
[Black "Michalowski, Peter"]
[Result "1-0"]
[WhiteElo "2371"]
[BlackElo "2104"]
[PlyCount "111"]
[EventDate "2018.??.??"]

1. g3 d5 2. Bg2 Nf6 3. Nf3 e6 4. O-O Be7 5. d4 O-O 6. Nbd2 b5 7. c3 Nbd7 8. a4
b4 9. c4 c5 10. cxd5 Nxd5 11. Ne5 Bb7 12. Nxd7 Qxd7 13. e4 Nf6 14. dxc5 Rfd8
15. Qe2 a5 16. e5 Bxg2 17. Kxg2 Qd5+ 18. Nf3 Ne4 19. Be3 Bxc5 20. Rfd1 Qb7 21.
Qb5 Qxb5 22. Rxd8+ Rxd8 23. axb5 Bxe3 24. fxe3 Ra8 25. Nd4 Nc5 26. Nc6 a4 27.
b6 Ra6 28. Rc1 a3 29. bxa3 bxa3 30. Rxc5 Rxb6 31. Ra5 h6 32. Nd4 Rb2+ 33. Kh3
a2 34. g4 Kh7 35. Kg3 Kg6 36. h4 h5 37. g5 Rd2 38. Kf4 Rh2 39. Kg3 Rd2 40. Ra6
Rb2 41. Ra7 Rd2 42. Nc6 Rc2 43. Nd4 Rd2 44. Ra6 Rb2 45. Ra4 Rd2 46. Kf3 Rh2 47.
Nb3 Kf5 48. Kg3 Rb2 49. Nc1 Rb1 50. Nxa2 Rb3 51. Kf3 Kxe5 52. Nc1 Rb1 53. Nd3+
Kd6 54. Nf4 g6 55. Ra7 e5 56. Ra6+ 1-0

[Event "Vaujany Principal"]
[Site "?"]
[Date "2018.07.17"]
[Round "6.14"]
[White "Abbas, Daniel"]
[Black "Fodor, Balazs"]
[Result "1-0"]
[WhiteElo "2299"]
[BlackElo "2147"]
[PlyCount "81"]
[EventDate "2018.??.??"]

1. e4 c6 2. d4 d5 3. Nd2 dxe4 4. Nxe4 Bf5 5. Ng3 Bg6 6. h4 h6 7. h5 Bh7 8. Nf3
Nf6 9. Bd3 Bxd3 10. Qxd3 Nbd7 11. Bd2 e6 12. O-O-O Bd6 13. Ne4 Nxe4 14. Qxe4
Nf6 15. Qe2 Qb6 16. c4 Qa6 17. Kb1 O-O-O 18. Rhe1 Rhe8 19. Ne5 Bxe5 20. dxe5
Nd7 21. Bb4 c5 22. Rd6 b6 23. Bc3 Nf8 24. Red1 Qb7 25. g3 Rxd6 26. Rxd6 Rd8 27.
Rxd8+ Kxd8 28. g4 Nd7 29. Kc2 Qg2 30. Kd2 Ke8 31. f3 Qg3 32. Qe4 a5 33. Kc2
Qg2+ 34. Kb3 Qf1 35. Ka4 Qd1+ 36. Kb5 Kd8 37. Kc6 Qa4+ 38. Kb7 Ke7 39. Qd3 Qxa2
40. Qd6+ Kd8 41. Qc7+ 1-0

[Event "Vaujany Principal"]
[Site "?"]
[Date "2018.07.17"]
[Round "6.17"]
[White "Terbe, Zsuzsanna"]
[Black "Frantz, Nicolas"]
[Result "1-0"]
[WhiteElo "2178"]
[BlackElo "2080"]
[PlyCount "57"]
[EventDate "2018.??.??"]

1. d4 d5 2. Bf4 Nf6 3. Nf3 c5 4. e3 Nc6 5. Nbd2 cxd4 6. exd4 Bf5 7. c3 e6 8.
Qb3 Bd6 9. Qxb7 Bxf4 10. Qxc6+ Kf8 11. g3 Bd6 12. Qa6 g6 13. Bg2 Kg7 14. Nh4
Rb8 15. Nxf5+ exf5 16. O-O-O Qc7 17. Nb3 Rb6 18. Qa4 Rhb8 19. Rd2 Ne4 20. Rc2
Rc6 21. Qa5 Qd7 22. Kb1 Be7 23. f3 Nf6 24. Re1 Rc4 25. Bf1 Ra4 26. Rxe7 Rxa5
27. Rxd7 Rxb3 28. Rxf7+ Kxf7 29. axb3 1-0

[Event "Vaujany Principal"]
[Site "?"]
[Date "2018.07.17"]
[Round "6.21"]
[White "Berta, Sandor"]
[Black "Kantzer, Romain"]
[Result "0-1"]
[WhiteElo "2083"]
[BlackElo "1899"]
[PlyCount "60"]
[EventDate "2018.??.??"]

1. g3 d5 2. Bg2 Nf6 3. d3 e5 4. Nd2 c6 5. e4 Bd6 6. Qe2 Bg4 7. f3 Be6 8. Nh3 h6
9. Nf2 Na6 10. Nf1 Qa5+ 11. c3 Bc5 12. Nd1 Be7 13. Nfe3 d4 14. Nf5 Bxf5 15.
exf5 dxc3 16. bxc3 Nc5 17. O-O O-O-O 18. d4 Nb3 19. axb3 Qxa1 20. Bb2 Qa2 21.
dxe5 Nd5 22. b4 Nb6 23. Qf2 Nc4 24. Bc1 Qxf2+ 25. Kxf2 Nxe5 26. Be3 Nc4 27. Bf4
Bg5 28. f6 Bxf4 29. fxg7 Rhg8 30. gxf4 Rd2+ 0-1

[Event "Vaujany Principal"]
[Site "?"]
[Date "2018.07.17"]
[Round "6.24"]
[White "Kaloczi, Kristof"]
[Black "Billotti, Romain"]
[Result "1/2-1/2"]
[WhiteElo "2032"]
[BlackElo "1853"]
[PlyCount "77"]
[EventDate "2018.??.??"]

1. b3 d5 2. Bb2 Nf6 3. e3 g6 4. f4 Bg7 5. Nf3 O-O 6. Be2 c5 7. O-O Nc6 8. Ne5
d4 9. Nxc6 bxc6 10. Bf3 Ba6 11. Re1 Nd5 12. Bxd5 cxd5 13. d3 Qc7 14. Qe2 Rae8
15. c4 dxc4 16. bxc4 Rb8 17. Na3 Rxb2 18. Qxb2 dxe3 19. Qe2 Bxa1 20. Rxa1 Qxf4
21. Re1 Rb8 22. Qxe3 Qxe3+ 23. Rxe3 Rb2 24. Rxe7 Rxa2 25. Nb5 Bxb5 26. cxb5 Ra5
27. Rb7 Ra3 28. Rc7 Rxd3 29. Rxa7 Rb3 30. Rb7 Rb2 31. b6 c4 32. Rc7 Rxb6 33.
Rxc4 Rb2 34. h4 Kg7 35. Kh2 h6 36. Kh3 Re2 37. Kg3 Kf6 38. Rf4+ Kg7 39. Ra4
1/2-1/2

[Event "Vaujany Principal"]
[Site "?"]
[Date "2018.07.17"]
[Round "6.25"]
[White "Gokhale, Anupama"]
[Black "Roche, Yves"]
[Result "1-0"]
[WhiteElo "1879"]
[BlackElo "1854"]
[PlyCount "47"]
[EventDate "2018.??.??"]

1. d4 Nf6 2. Nf3 d5 3. g3 h6 4. c4 c6 5. Bg2 Bf5 6. O-O e6 7. Nc3 Bd6 8. Nd2
O-O 9. e4 dxe4 10. Ndxe4 Be7 11. Bf4 Nxe4 12. Nxe4 g5 13. Be3 Nd7 14. Nc3 Bg6
15. d5 Ne5 16. b3 Qa5 17. Bd4 Nd3 18. Be4 e5 19. Bxg6 fxg6 20. Qxd3 exd4 21.
Qxg6+ Kh8 22. Qxh6+ Kg8 23. Ne4 Rae8 24. Rae1 1-0

[Event "Vaujany Principal"]
[Site "?"]
[Date "2018.07.18"]
[Round "7.1"]
[White "Antal, Gergely"]
[Black "Godart, Francois"]
[Result "1-0"]
[WhiteElo "2542"]
[BlackElo "2427"]
[PlyCount "65"]
[EventDate "2018.??.??"]

1. e4 e6 2. d4 d5 3. Nd2 c5 4. exd5 Qxd5 5. Ngf3 cxd4 6. Bc4 Qd6 7. O-O Nf6 8.
Nb3 Nc6 9. Nbxd4 Nxd4 10. Nxd4 a6 11. Re1 Qc7 12. Bf1 Be7 13. Qf3 O-O 14. Bf4
Qb6 15. Nb3 Bd7 16. Rad1 Rfd8 17. Qg3 Be8 18. Be5 Rac8 19. c4 Ba4 20. c5 Qa7
21. Rxd8+ Bxd8 22. Nd2 Bc6 23. b4 Bd5 24. Nc4 Bxc4 25. Bxc4 Ne8 26. Bc3 Qb8 27.
Qh3 Bf6 28. Rxe6 Bxc3 29. Re7 Bf6 30. Rxf7 Qf4 31. Qe6 Qxc4 32. Qxc4 Nd6 33.
Qe6 1-0

[Event "Vaujany Principal"]
[Site "?"]
[Date "2018.07.18"]
[Round "7.2"]
[White "Joie, Sebastien"]
[Black "Ortiz Suarez, Isan Reynaldo"]
[Result "1-0"]
[WhiteElo "2399"]
[BlackElo "2548"]
[PlyCount "115"]
[EventDate "2018.??.??"]

1. Nf3 c5 2. c4 Nc6 3. d4 cxd4 4. Nxd4 Nf6 5. Nc3 Qb6 6. Nc2 e6 7. g3 Ne5 8. e4
d6 9. f4 Ned7 10. Be3 Qc7 11. Bg2 a6 12. Qe2 Be7 13. O-O O-O 14. Rac1 Rb8 15.
Ba7 Ra8 16. Be3 Ne8 17. Nd4 Rb8 18. Bh3 Nef6 19. g4 Nb6 20. g5 Nfd7 21. Bxe6
fxe6 22. Nxe6 Qxc4 23. Qxc4 Nxc4 24. Nd5 Nxe3 25. Nxe7+ Kf7 26. Nxf8 Kxe7 27.
Nxd7 Bxd7 28. Rfe1 Ng4 29. h3 Rf8 30. Rf1 Bb5 31. hxg4 Bxf1 32. Rxf1 d5 33.
exd5 Kd6 34. Kg2 Kxd5 35. Kf3 Rf7 36. Rd1+ Ke6 37. Re1+ Kd6 38. f5 Rc7 39. Re2
Kd5 40. Rh2 g6 41. Rd2+ Ke5 42. Re2+ Kd5 43. f6 Kd6 44. b3 b6 45. Kf4 a5 46. a4
Rc1 47. Re3 Rc7 48. Re7 Rc3 49. Re3 Rc7 50. Ke4 Ke6 51. Kd4+ Kf7 52. Re7+ Rxe7
53. fxe7 Kxe7 54. Ke5 Kf7 55. Kd6 Kg7 56. Kc6 h6 57. gxh6+ Kxh6 58. Kxb6 1-0

[Event "Vaujany Principal"]
[Site "?"]
[Date "2018.07.18"]
[Round "7.3"]
[White "Horvath, Jozsef"]
[Black "Womacka, Mathias"]
[Result "1/2-1/2"]
[WhiteElo "2504"]
[BlackElo "2444"]
[PlyCount "172"]
[EventDate "2018.??.??"]

1. c4 c5 2. Nf3 Nf6 3. Nc3 e6 4. e3 Nc6 5. d4 d5 6. cxd5 exd5 7. Bb5 cxd4 8.
Nxd4 Bd7 9. O-O Bd6 10. Nf3 Be6 11. b3 O-O 12. Bb2 Rc8 13. Rc1 Bb8 14. Ne2 Ne4
15. Ng3 Qb6 16. Bxc6 bxc6 17. Nxe4 dxe4 18. Nd4 Bd7 19. Qh5 f5 20. Rfd1 Rf7 21.
Ne2 Qa6 22. Nc3 c5 23. Rd2 Rcf8 24. g3 Qc8 25. Nd5 Bb5 26. Qg5 Bd6 27. Nf4 Bxf4
28. Qxf4 Bd3 29. Qe5 Rc7 30. Rxc5 Rff7 31. b4 a5 32. a3 axb4 33. axb4 Rxc5 34.
bxc5 Qc7 35. Qe8+ Rf8 36. Qe6+ Kh8 37. Bd4 Qf7 38. Qxf7 Rxf7 39. Rb2 h5 40. c6
Rc7 41. Rb6 Kg8 42. Kg2 Rc8 43. Rb7 Rxc6 44. Rxg7+ Kf8 45. Rg5 Rc1 46. Rxf5+
Ke7 47. h3 Bf1+ 48. Kh2 Be2 49. Rf4 Bf3 50. g4 hxg4 51. hxg4 Rh1+ 52. Kg3 Rg1+
53. Kh4 Rg2 54. Rxf3 exf3 55. e4 Kf7 56. Kg5 Rh2 57. Kf5 Rh1 58. g5 Rd1 59. Be3
Re1 60. Kf4 Kg6 61. Kxf3 Ra1 62. Bd4 Ra3+ 63. Kf4 Ra2 64. f3 Ra3 65. Kg4 Ra4
66. Bc5 Rc4 67. Be7 Rc7 68. Bd6 Rc4 69. Kf4 Rc3 70. Kg4 Rc4 71. Bf4 Ra4 72. e5
Rc4 73. e6 Rc6 74. e7 Kf7 75. Kf5 Kxe7 76. g6 Rc3 77. Bg5+ Kf8 78. f4 Rc1 79.
Bf6 Rg1 80. Be5 Kg8 81. Kf6 Rb1 82. f5 Rb6+ 83. Ke7 Rb7+ 84. Kd6 Rb6+ 85. Kc5
Rb7 86. f6 Rg7 1/2-1/2

[Event "Vaujany Principal"]
[Site "?"]
[Date "2018.07.18"]
[Round "7.4"]
[White "Paul, Johannes"]
[Black "Sundararajan, Kidambi"]
[Result "1-0"]
[WhiteElo "2315"]
[BlackElo "2425"]
[PlyCount "85"]
[EventDate "2018.??.??"]

1. d4 Nf6 2. c4 g6 3. Nf3 Bg7 4. Nc3 O-O 5. e4 d6 6. Be2 e5 7. Be3 Nbd7 8. O-O
Qe7 9. Qc2 exd4 10. Nxd4 c6 11. Rad1 Re8 12. Bg5 h6 13. Bh4 Nc5 14. f3 a5 15.
Rfe1 Qf8 16. Bf1 Nh5 17. Bf2 Be5 18. g3 g5 19. Qd2 Qg7 20. Kh1 Qg6 21. Be2 Bh3
22. Qc2 Ng7 23. Bf1 Bd7 24. Nde2 Rad8 25. Bg2 f5 26. f4 Bxc3 27. Nxc3 Nxe4 28.
Nxe4 fxe4 29. Rxe4 Bf5 30. Rxe8+ Rxe8 31. Qd2 Be4 32. fxg5 Bxg2+ 33. Kxg2 hxg5
34. Qxd6 Qe4+ 35. Kg1 Qxc4 36. Qf6 Qxa2 37. Bd4 Qf7 38. Qxg5 Re2 39. Qg4 Re7
40. Bxg7 Qxg7 41. Rd8+ Kh7 42. Qh5+ Qh6 43. Rh8+ 1-0

[Event "Vaujany Principal"]
[Site "?"]
[Date "2018.07.18"]
[Round "7.5"]
[White "Nitish, Belurkar"]
[Black "Valles, Manuel"]
[Result "1/2-1/2"]
[WhiteElo "2306"]
[BlackElo "2388"]
[PlyCount "76"]
[EventDate "2018.??.??"]

1. d4 e6 2. Nf3 d5 3. e3 Nf6 4. Bd3 c5 5. b3 Nc6 6. Bb2 b6 7. O-O Bb7 8. Nbd2
Bd6 9. Ne5 O-O 10. a3 Rc8 11. Qe2 Ne7 12. Rac1 Ne4 13. Nxe4 dxe4 14. Ba6 Bxa6
15. Qxa6 Qc7 16. g3 Bxe5 17. dxe5 Rfd8 18. Rfd1 h5 19. Qe2 g6 20. c4 Rxd1+ 21.
Rxd1 Rd8 22. h4 Nc6 23. Rxd8+ Qxd8 24. Bc3 Ne7 25. Kf1 Nf5 26. Ke1 g5 27. Qxh5
gxh4 28. Qg4+ Kf8 29. Qxe4 h3 30. Bd2 h2 31. Qh1 Qd3 32. Qxh2 Qb1+ 33. Ke2 Qxb3
34. Qh8+ Ke7 35. Qf6+ Ke8 36. Qh8+ Ke7 37. Qf6+ Ke8 38. Qh8+ Ke7 1/2-1/2

[Event "Vaujany Principal"]
[Site "?"]
[Date "2018.07.18"]
[Round "7.6"]
[White "Collas, Didier"]
[Black "Szabo, Balazs"]
[Result "1-0"]
[WhiteElo "2380"]
[BlackElo "2229"]
[PlyCount "60"]
[EventDate "2018.??.??"]

1. e4 d5 2. exd5 Qxd5 3. Nc3 Qd6 4. d4 Nf6 5. Nf3 a6 6. g3 Bg4 7. h3 Bh5 8. Bg2
Nc6 9. O-O O-O-O 10. Bf4 Qb4 11. a3 Qxb2 12. Bd2 Bg6 13. Ra2 Qb6 14. Qa1 e6 15.
Rb2 Qa7 16. Be3 Nd5 17. Nxd5 exd5 18. c4 f6 19. c5 Be4 20. Nd2 Bxg2 21. Kxg2
Bxc5 22. dxc5 d4 23. Bf4 g5 24. Bxc7 Kxc7 25. Rfb1 Qxc5 26. Rxb7+ Kc8 27. Qb2
Qd5+ 28. Kg1 Rhe8 29. Qb6 Re7 30. Qxa6 Rc7 1-0